00685 2200229 4500001002100000005001500021035002000036007000300056008004100059020002200100082001000122084001400132100002200146245008700168260004200255300003100297500006400328650001200392700002700404990001200431990001200443INLIS00000000000275720190109025110 a0010-0119000109ta190109 a 1 ind  a978-979-074-451-6 a398.2 a398.2 CIN3 aSIMAMORA, Meliana1 aCinderella /cpengalih bahasa, Meliana Simamora; penyunting, Fifi Suryani Hutauruk aJakarta :bBhuana Ilmu Populer,c2010 a52 hlm. :bilus. ;c20 cm. aJudul Asli : Animated Fairy Tales of the World : Cinderella aDONGENG0 aFIFI, Suryani Hutauruk a16949 a a16949 b